Niezapomniane Jedenastki #2: Ajax 1994/1995 - Statystyki

Ogólne statystyki
  • Ten quiz został rozwiązany 57 razy
  • Średni wynik to 8 z 11
Statystyki odpowiedzi
Pozycja Kraj Inicjały Zawodnik % Poprawnych
BR Holandia EvdS Edwin van der Sar
100%
ŚO Holandia FdB Frank de Boer
94%
N Holandia RdB Ronald de Boer
94%
ŚPO Finlandia JL Jari Litmanen
81%
ŚP Holandia CS Clarence Seedorf
77%
ŚP Holandia ED Edgar Davids
77%
ŚPD Holandia FR Frank Rijkaard
71%
LS Holandia MO Marc Overmars
71%
ŚO Holandia DB Danny Blind
54%
ŚO Holandia MR Michael Reiziger
44%
PS Nigeria FG Finidi George
27%
Nie znaleziono quizów pasujących do podanych kryteriów
Rozkład punktacji
Procent ludzi z każdym wynikiem
Percentyl według liczby udzielonych odpowiedzi
Twoja historia wyników
Nie rozwiązałeś tego quizu